| 000 | 00359nam a2200145Ia 4500 | ||
|---|---|---|---|
| 008 | 150201s2001 xx 000 0 und d | ||
| 082 |
_a615.8 _bH01G |
||
| 100 | _aGOODYER , PAUL | ||
| 245 | _aMUSCULOSKELETED REHABILITATION | ||
| 250 | _a1ST | ||
| 260 |
_bTATA MC GROW HILL _aINDIA _c2001 |
||
| 300 | _a1-470 | ||
| 650 | _aREHABILITATION | ||
| 942 |
_2ddc _cBK _02 |
||
| 999 |
_c1478 _d1478 |
||